Top 10 des meilleurs buteurs en LIGA au 21ème siècle - Statistiques

Statistiques générales
  • Ce quiz a été pris 679 fois
  • Le résultat moyen est 7 sur 10
Statistiques - réponses
Nombre de but Nationalité Joueur % Correct
311 Portugal Cristiano Ronaldo
100%
474 Argentine Lionel Messi
100%
176 Uruguay Luis Suarez
96%
238 France Karim Benzema
93%
192 France Antoine Griezmann
88%
156 Cameroun Samuel Eto'o
86%
185 Espagne David Villa
67%
158 Espagne Iago Aspas
33%
158 Espagne Aritz Aduriz
16%
129 Espagne Roberto Soldado
6%
Aucun quiz correspondant
Distribution des résultats
% des personnes avec chaque résultat
Percentile par nombre de réponses
Votre historique - résultats
Vous n’avez pas pris ce quiz